[Event "LSS No Engine Cup 27 Preliminary 5"]
[Site "LSS email"]
[Date "2010.08.30"]
[Round "?"]
[White "Laureles, Raymundo"]
[Black "Westbrook, Jonathan"]
[Result "1-0"]
[WhiteElo "1160"]
[BlackElo "581"]
[PlyCount "49"]
[EventDate "2010.08.31"]
[EventType "tourn (corr)"]
[EventRounds "6"]
[EventCountry "GER"]
[SourceTitle "Telechess CBM 143"]
[Source "ChessBase"]
[SourceDate "2011.07.15"]
[SourceVersion "1"]
[SourceVersionDate "2011.07.15"]
[SourceQuality "1"]

1. e4 e5 2. f4 exf4 3. Nf3 Nc6 4. d4 g5 5. d5 Nb4 6. Bc4 a6 7. a3 Nxc2+ 8. Qxc2 b5 9. Ba2 Bd6 10. e5 Bf8 11. 0-0 Bb7 12. b4 Bg7 13. Qf5 Nh6 14. Qxg5 Qxg5 15. Nxg5 Bxe5 16. Re1 d6 17. Bxf4 0-0-0 18. Bxe5 dxe5 19. Rxe5 Ng4 20. Re4 h5 21. Nxf7 Bxd5 22. Bxd5 Rxd5 23. Nc3 Rd2 24. Nxh8 Nf2 25. Re2 1-0

[Event "OP-2010-0-01246"]
[Site "LSS email"]
[Date "2010.08.30"]
[Round "?"]
[White "Richter, Klaus"]
[Black "Westbrook, Jonathan"]
[Result "1-0"]
[WhiteElo "1494"]
[BlackElo "598"]
[PlyCount "31"]
[EventDate "2010.08.25"]
[EventType "tourn (corr)"]
[EventRounds "4"]
[EventCountry "GER"]
[SourceTitle "Corr 2013"]
[Source "ChessBase"]
[SourceDate "2012.11.12"]
[SourceVersion "1"]
[SourceVersionDate "2012.11.12"]
[SourceQuality "1"]

1. d4 e6 2. e4 d5 3. Nc3 Bb4 4. e5 Nc6 5. Bd3 Nxd4 6. Qg4 g6 7. Qxd4 Bxc3+ 8. Qxc3 Ne7 9. Bg5 h6 10. Bf6 d4 11. Qa3 Rg8 12. Be4 Bd7 13. 0-0-0 a5 14. Rxd4 b5 15. Bxa8 b4 16. Qxa5 1-0

[Event "LSS No Engine Cup 27 Preliminary 5"]
[Site "LSS email"]
[Date "2010.08.30"]
[Round "?"]
[White "Westbrook, Jonathan"]
[Black "Herzog, Klaus"]
[Result "0-1"]
[WhiteElo "599"]
[BlackElo "1918"]
[PlyCount "36"]
[EventDate "2010.08.31"]
[EventType "tourn (corr)"]
[EventRounds "6"]
[EventCountry "GER"]
[SourceTitle "Telechess CBM 143"]
[Source "ChessBase"]
[SourceDate "2011.07.15"]
[SourceVersion "1"]
[SourceVersionDate "2011.07.15"]
[SourceQuality "1"]

1. e4 Nc6 2. Nf3 e5 3. Nc3 Nf6 4. a3 Bc5 5. Bc4 0-0 6. 0-0 d6 7. d3 h6 8. Bd2 Bg4 9. b4 Bb6 10. Qe2 Nd4 11. Qd1 Qd7 12. Be3 Bxf3 13. gxf3 Qh3 14. Nd5 Nxf3+ 15. Qxf3 Qxf3 16. Ne7+ Kh7 17. Nf5 Ng4 18. Nh4 Qh3 0-1

[Event "OP-2010-0-01246"]
[Site "LSS email"]
[Date "2010.08.30"]
[Round "?"]
[White "Westbrook, Jonathan"]
[Black "Tsirakovsky, Sergey"]
[Result "0-1"]
[WhiteElo "582"]
[BlackElo "1866"]
[PlyCount "46"]
[EventDate "2010.08.25"]
[EventType "tourn (corr)"]
[EventRounds "4"]
[EventCountry "GER"]
[SourceTitle "Telechess CBM 143"]
[Source "ChessBase"]
[SourceDate "2011.07.15"]
[SourceVersion "1"]
[SourceVersionDate "2011.07.15"]
[SourceQuality "1"]

1. d4 d5 2. Nc3 Nf6 3. Nf3 Bg4 4. Bf4 e6 5. h3 Bxf3 6. gxf3 c5 7. e4 Nc6 8. Bb5 dxe4 9. fxe4 cxd4 10. Ne2 Qa5+ 11. Qd2 Qxb5 12. b3 Bb4 13. c3 dxc3 14. Nxc3 Bxc3 15. Qxc3 e5 16. Be3 Qb4 17. Qxb4 Nxb4 18. 0-0 Nc2 19. Rac1 Nxe3 20. fxe3 0-0 21. Rc7 b6 22. Kg2 Nxe4 23. Re7 f6 0-1

[Event "LSS RN-2010-0-00304"]
[Site "LSS email"]
[Date "2010.07.28"]
[Round "?"]
[White "Vontina, Maria"]
[Black "Westbrook, Jonathan"]
[Result "1-0"]
[WhiteElo "684"]
[BlackElo "602"]
[PlyCount "75"]
[EventDate "2010.07.05"]
[EventType "tourn (corr)"]
[EventRounds "6"]
[EventCountry "GER"]
[SourceTitle "Telechess CBM 143"]
[Source "ChessBase"]
[SourceDate "2011.07.15"]
[SourceVersion "1"]
[SourceVersionDate "2011.07.15"]
[SourceQuality "1"]

1. e4 e5 2. Nf3 Nc6 3. Bb5 a6 4. Ba4 Nf6 5. 0-0 Bc5 6. d3 0-0 7. Bg5 d6 8. h3 Be6 9. Nbd2 b5 10. Bb3 Bxb3 11. Nxb3 Ba7 12. a3 Ne7 13. Bxf6 gxf6 14. Nh4 Kh8 15. Kh2 d5 16. Qf3 dxe4 17. Qxf6+ Kg8 18. dxe4 Qd6 19. Qxd6 cxd6 20. Rad1 Bc5 21. Nxc5 dxc5 22. Rd7 Nc6 23. Rd5 c4 24. c3 Rad8 25. Rfd1 Rxd5 26. Rxd5 Rd8 27. Rxd8+ Nxd8 28. Kg3 Nc6 29. Kf3 a5 30. Ke3 b4 31. axb4 axb4 32. Nf5 h5 33. Nd6 bxc3 34. bxc3 Na5 35. f4 exf4+ 36. Kxf4 Kg7 37. Kg5 f6+ 38. Kxh5 1-0

[Event "LSS RN-2010-0-00304"]
[Site "LSS email"]
[Date "2010.07.28"]
[Round "?"]
[White "Westbrook, Jonathan"]
[Black "Bester, Kazimierz"]
[Result "0-1"]
[WhiteElo "623"]
[BlackElo "758"]
[PlyCount "46"]
[EventDate "2010.07.05"]
[EventType "tourn (corr)"]
[EventRounds "6"]
[EventCountry "GER"]
[SourceTitle "Telechess CBM 143"]
[Source "ChessBase"]
[SourceDate "2011.07.15"]
[SourceVersion "1"]
[SourceVersionDate "2011.07.15"]
[SourceQuality "1"]

1. c4 g6 2. Nc3 Bg7 3. e3 Nf6 4. d4 0-0 5. b4 c6 6. Ba3 a5 7. b5 d6 8. Bd3 Re8 9. Nge2 Nbd7 10. Qc2 Qc7 11. 0-0 c5 12. dxc5 dxc5 13. Rad1 b6 14. Bc1 Ne5 15. f4 Nxd3 16. Rxd3 Bb7 17. Ng3 e6 18. Re1 e5 19. Bd2 exf4 20. exf4 Rxe1+ 21. Bxe1 Re8 22. Bf2 Ba8 23. Kf1 Qxf4 0-1

[Event "LSS No Engine Cup 23 Preliminary 6"]
[Site "LSS email"]
[Date "2010.06.04"]
[Round "?"]
[White "Molina, Vicente Andres"]
[Black "Westbrook, Jonathan"]
[Result "1-0"]
[WhiteElo "804"]
[BlackElo "626"]
[PlyCount "67"]
[EventDate "2010.06.05"]
[EventType "tourn (corr)"]
[EventRounds "6"]
[EventCountry "GER"]
[SourceTitle "Telechess CBM 143"]
[Source "ChessBase"]
[SourceDate "2011.07.15"]
[SourceVersion "1"]
[SourceVersionDate "2011.07.15"]
[SourceQuality "1"]

1. c4 f5 2. Nc3 Nf6 3. g3 b6 4. Bg2 Nc6 5. e3 Bb7 6. Nge2 d6 7. 0-0 e5 8. d4 e4 9. d5 Ne7 10. Nd4 Ba6 11. b3 g5 12. Bb2 Bg7 13. Ne6 Qb8 14. Nxg7+ Kd7 15. Ne6 b5 16. Qe2 bxc4 17. bxc4 Bxc4 18. Qxc4 c5 19. dxc6+ Nxc6 20. Na4 Re8 21. Nxg5 Ne5 22. Bxe5 Rxe5 23. Rad1 d5 24. Nc5+ Ke8 25. Qa4+ Kf8 26. Nge6+ Ke7 27. Rd4 h5 28. Rfd1 a6 29. Nf4 Qb5 30. Qxb5 axb5 31. Ng6+ Kd6 32. Nb7+ Kc6 33. Nxe5+ Kxb7 34. R1d2 1-0

[Event "ZN-2010-0-01059"]
[Site "LSS email"]
[Date "2010.05.28"]
[Round "?"]
[White "Westbrook, Jonathan"]
[Black "Reede, Arvo"]
[Result "0-1"]
[WhiteElo "575"]
[BlackElo "1414"]
[PlyCount "62"]
[EventDate "2010.05.28"]
[EventType "match (corr)"]
[EventRounds "2"]
[EventCountry "GER"]
[SourceTitle "Telechess CBM 147"]
[Source "ChessBase"]
[SourceDate "2012.03.16"]
[SourceVersion "1"]
[SourceVersionDate "2012.03.16"]
[SourceQuality "1"]

1. e4 c6 2. Nf3 d5 3. e5 Bg4 4. h3 Bxf3 5. Qxf3 e6 6. d4 Nd7 7. Nc3 Bb4 8. Bd3 c5 9. h4 cxd4 10. Bg5 Qc7 11. 0-0 dxc3 12. b3 Nxe5 13. Qf4 Bd6 14. Qa4+ Nc6 15. Rae1 Nge7 16. Qg4 h5 17. Qe2 0-0-0 18. f4 Rde8 19. Bxe7 Rxe7 20. f5 e5 21. a4 e4 22. Bb5 Nd4 23. Qd1 Nxb5 24. axb5 Qc5+ 25. Kh1 f6 26. Qe2 Bc7 27. g4 hxg4 28. Rf4 Rxh4+ 29. Kg2 Bxf4 30. Kf1 Rh1+ 31. Kg2 Rh2+ 0-1

[Event "OP-2010-0-01169"]
[Site "LSS email"]
[Date "2010.05.25"]
[Round "?"]
[White "Molina, Vicente Andres"]
[Black "Westbrook, Jonathan"]
[Result "1/2-1/2"]
[WhiteElo "811"]
[BlackElo "634"]
[PlyCount "93"]
[EventDate "2010.05.19"]
[EventType "tourn (corr)"]
[EventRounds "4"]
[EventCountry "GER"]
[SourceTitle "Telechess CBM 141"]
[Source "ChessBase"]
[SourceDate "2011.03.17"]
[SourceVersion "1"]
[SourceVersionDate "2011.03.17"]
[SourceQuality "1"]

1. c4 e5 2. Nc3 Nf6 3. g3 Nc6 4. Bg2 Bc5 5. e3 d6 6. Nge2 Bg4 7. 0-0 0-0 8. f3 Be6 9. d3 a6 10. a3 d5 11. cxd5 Bxd5 12. b4 Ba7 13. Nxd5 Nxd5 14. Kf2 Qe7 15. Bb2 Rad8 16. Re1 Nxe3 17. Qb1 Nc2+ 18. Kf1 Nxe1 19. Kxe1 b5 20. Qc2 f5 21. Kd2 Rfe8 22. Re1 h5 23. Bh3 e4 24. fxe4 fxe4 25. Nf4 e3+ 26. Kc1 Nd4 27. Bxd4 Bxd4 28. Ne6 Rd6 29. Nxd4 Rxd4 30. Re2 h4 31. Bf5 hxg3 32. hxg3 Rd5 33. Be4 Rg5 34. Rxe3 Qd6 35. Qh2 Qe5 36. Qh7+ Kf8 37. Rf3+ Ke7 38. Qh4 Qc3+ 39. Kd1 Qb3+ 40. Ke2 Qc2+ 41. Ke3 Qc1+ 42. Ke2 Qb2+ 43. Kd1 Qb1+ 44. Kd2 Qb2+ 45. Kd1 Qb1+ 46. Kd2 Qb2+ 47. Kd1 1/2-1/2

[Event "ZN-2010-0-01057"]
[Site "LSS email"]
[Date "2010.05.25"]
[Round "?"]
[White "Westbrook, Jonathan"]
[Black "Bester, Kazimierz"]
[Result "0-1"]
[WhiteElo "575"]
[BlackElo "719"]
[PlyCount "56"]
[EventDate "2010.05.24"]
[EventType "match (corr)"]
[EventRounds "2"]
[EventCountry "GER"]
[SourceTitle "Telechess CBM 147"]
[Source "ChessBase"]
[SourceDate "2012.03.16"]
[SourceVersion "1"]
[SourceVersionDate "2012.03.16"]
[SourceQuality "1"]

1. e4 c5 2. Nf3 Nc6 3. Nc3 d6 4. Bb5 a6 5. Ba4 b5 6. Bb3 c4 7. Bxc4 bxc4 8. a3 e5 9. d3 Na5 10. Bg5 f6 11. Bh4 Rb8 12. 0-0 Ne7 13. a4 Nec6 14. d4 Bg4 15. Qd2 Bxf3 16. gxf3 Nxd4 17. Kg2 Ne6 18. Bg3 Be7 19. Nd5 0-0 20. c3 Nb3 21. Nxe7+ Qxe7 22. Qe2 Nxa1 23. Rxa1 Rfc8 24. Rb1 h5 25. h4 Qf7 26. a5 Rc5 27. Bh2 Kh7 28. Bg1 Nf4+ 0-1

[Event "IECG CP.2009.P.00008 email"]
[Site "IECG email"]
[Date "2009.10.01"]
[Round "?"]
[White "Westbrook, Jonathan"]
[Black "Maggiora, Aldo"]
[Result "1-0"]
[WhiteElo "645"]
[BlackElo "1503"]
[PlyCount "45"]
[EventDate "2009.10.01"]
[EventType "tourn (corr)"]
[EventRounds "6"]
[EventCountry "ARG"]
[SourceTitle "Corr 2024"]
[Source "ChessBase"]
[SourceDate "2023.10.19"]
[SourceVersion "1"]
[SourceVersionDate "2023.10.19"]
[SourceQuality "1"]

1. e4 e6 2. d4 d5 3. Nc3 Bb4 4. e5 Ne7 5. Nf3 0-0 6. Bd3 c5 7. Bxh7+ Kxh7 8. Ng5+ Kg8 9. Qh5 Re8 10. Qh7+ Kf8 11. Qh8+ Ng8 12. Nh7+ Ke7 13. Bg5+ Nf6 14. Qxg7 Kd7 15. Bxf6 Re7 16. 0-0-0 Bxc3 17. bxc3 c4 18. h4 Nc6 19. h5 Qa5 20. Bxe7 Nxe7 21. Kd2 Qd8 22. Ng5 Nf5 23. Qxf7+ 1-0

[Event "IECG CP.2009.P.00008 email"]
[Site "IECG email"]
[Date "2009.10.01"]
[Round "?"]
[White "Westbrook, Jonathan"]
[Black "Van Boven, Maarten"]
[Result "0-1"]
[WhiteElo "645"]
[BlackElo "1768"]
[PlyCount "60"]
[EventDate "2009.10.01"]
[EventType "tourn (corr)"]
[EventRounds "6"]
[EventCountry "ARG"]
[SourceTitle "Corr 2024"]
[Source "ChessBase"]
[SourceDate "2023.10.19"]
[SourceVersion "1"]
[SourceVersionDate "2023.10.19"]
[SourceQuality "1"]

1. e4 c5 2. Nf3 d6 3. d4 cxd4 4. Nxd4 Nf6 5. Nc3 a6 6. Bg5 e6 7. f4 Qc7 8. Qf3 Be7 9. Bd3 h6 10. Bxf6 Bxf6 11. Nb3 Bxc3+ 12. Ke2 Bxb2 13. Rab1 Bf6 14. Rhd1 Nc6 15. Kf1 0-0 16. a3 Nd4 17. Nxd4 Bxd4 18. Bxa6 Qc5 19. Rb4 e5 20. Bxb7 Bxb7 21. Rxb7 Rxa3 22. Rb3 Ra2 23. Rc1 exf4 24. Rbb1 Be3 25. Re1 Qxc2 26. Qe2 Qa4 27. Rb2 Rxb2 28. Qxb2 Rc8 29. Ra1 Qxe4 30. Qa2 f3 0-1

[Event "IECC O-2829"]
[Site "IECC email"]
[Date "2008.08.28"]
[Round "?"]
[White "Larson, John"]
[Black "Westbrook, Jonathan"]
[Result "1/2-1/2"]
[WhiteElo "1179"]
[BlackElo "1277"]
[PlyCount "115"]
[EventDate "2008.??.??"]
[EventType "swiss (corr)"]
[EventRounds "2"]
[SourceTitle "Corr 2011"]
[Source "ChessBase"]
[SourceDate "2010.08.31"]
[SourceVersion "1"]
[SourceVersionDate "2010.08.31"]
[SourceQuality "1"]
[WhiteTeam "US of America"]
[BlackTeam "US of America"]
[WhiteTeamCountry "USA"]
[BlackTeamCountry "USA"]

1. e4 c5 2. Nf3 d6 3. d4 cxd4 4. Nxd4 Nf6 5. Nc3 a6 6. Be2 e5 7. Nb3 Be7 8. 0-0 0-0 9. Kh1 Be6 10. f4 Nc6 11. f5 Bxb3 12. axb3 Nd4 13. Bc4 b5 14. Bd5 b4 15. Bxa8 Qxa8 16. Nd5 Bd8 17. Nxb4 a5 18. Nd3 Qxe4 19. Ra4 Qb7 20. Be3 Nc6 21. Qe1 e4 22. Nf4 Re8 23. Bd2 Qc8 24. Bc3 Qxf5 25. Qe2 e3 26. Rf3 Bb6 27. Bxf6 gxf6 28. Nd3 Qe6 29. Raf4 Nd4 30. Rg3+ Kf8 31. Qh5 e2 32. Ne1 Qe5 33. Qxe5 Rxe5 34. Rc3 Ne6 35. Rxf6 Rd5 36. Rd3 Rxd3 37. Nxd3 Nc5 38. Rf2 Nxd3 39. Rxe2 Nxb2 40. g3 Bc5 41. Kg2 a4 42. bxa4 Nxa4 43. Re1 Nc3 44. Kf3 Kg7 45. Re8 h5 46. Ra8 Kf6 47. Rg8 d5 48. g4 hxg4+ 49. Kxg4 Ke5 50. Rg5+ Kd6 51. Kf5 Nd1 52. Kf6 Bf2 53. Kxf7 Ne3 54. Rg6+ Ke5 55. Re6+ Kd4 56. Rf6 Be1 57. h4 Bd2 58. h5 1/2-1/2

[Event "IECC TH-M-2817"]
[Site "IECC email"]
[Date "2008.07.24"]
[Round "?"]
[White "Subasic, Emil"]
[Black "Westbrook, Jonathan"]
[Result "1-0"]
[WhiteElo "1446"]
[BlackElo "1264"]
[PlyCount "55"]
[EventDate "2008.??.??"]
[EventType "match (corr)"]
[SourceTitle "Corr 2013"]
[Source "ChessBase"]
[SourceDate "2012.11.12"]
[SourceVersion "1"]
[SourceVersionDate "2012.11.12"]
[SourceQuality "1"]
[WhiteTeam "US of America"]
[BlackTeam "Italy"]
[WhiteTeamCountry "USA"]
[BlackTeamCountry "ITA"]

1. e4 e5 2. Nf3 Nc6 3. Bc4 Bc5 4. b4 Bxb4 5. c3 Ba5 6. d4 exd4 7. 0-0 Nge7 8. Ng5 d5 9. exd5 Ne5 10. Qxd4 f6 11. Re1 Bb6 12. Qh4 Nxc4 13. Qxc4 fxg5 14. d6 Qxd6 15. Bxg5 Bxf2+ 16. Kxf2 Qb6+ 17. Re3 Rf8+ 18. Ke2 Rf7 19. Nd2 h6 20. Bxe7 Rxe7 21. Qg8+ Kd7 22. Rxe7+ Kxe7 23. Qxg7+ Kd8 24. Rd1 Qe6+ 25. Ne4+ Bd7 26. Kf2 Qe7 27. Qh8+ Qe8 28. Rxd7+ 1-0

[Event "IECC TH-M-2817"]
[Site "IECC email"]
[Date "2008.07.24"]
[Round "?"]
[White "Westbrook, Jonathan"]
[Black "Subasic, Emil"]
[Result "0-1"]
[WhiteElo "1274"]
[BlackElo "1436"]
[PlyCount "48"]
[EventDate "2008.??.??"]
[EventType "match (corr)"]
[SourceTitle "Corr 2013"]
[Source "ChessBase"]
[SourceDate "2012.11.12"]
[SourceVersion "1"]
[SourceVersionDate "2012.11.12"]
[SourceQuality "1"]
[WhiteTeam "US of America"]
[BlackTeam "Italy"]
[WhiteTeamCountry "USA"]
[BlackTeamCountry "ITA"]

1. e4 e5 2. Nf3 Nc6 3. Bc4 Bc5 4. b4 Bxb4 5. a3 Bc5 6. 0-0 Nf6 7. Bb2 Nxe4 8. Nxe5 Nxe5 9. d3 Nxc4 10. dxc4 Qh4 11. Bd4 0-0 12. Bxc5 Nxc5 13. Nc3 Qxc4 14. Nd5 Ne6 15. Ne7+ Kh8 16. Re1 b6 17. Qf3 Ba6 18. c3 Rae8 19. Nd5 Ng5 20. Qf5 Rxe1+ 21. Rxe1 Ne6 22. Qf3 Bb7 23. Rd1 Qb3 24. g3 Re8 0-1

[Event "IECC Swiss-521"]
[Site "IECC email"]
[Date "2008.03.24"]
[Round "?"]
[White "Boyd, John Michael"]
[Black "Westbrook, Jonathan"]
[Result "0-1"]
[WhiteElo "1498"]
[BlackElo "1248"]
[PlyCount "56"]
[EventDate "2008.??.??"]
[EventType "match (corr)"]
[SourceTitle "Corr 2013"]
[Source "ChessBase"]
[SourceDate "2012.11.12"]
[SourceVersion "1"]
[SourceVersionDate "2012.11.12"]
[SourceQuality "1"]
[WhiteTeam "US of America"]
[BlackTeam "India"]
[WhiteTeamCountry "USA"]
[BlackTeamCountry "IND"]

1. Nf3 d5 2. c4 d4 3. g3 Nc6 4. Bg2 e5 5. 0-0 Nf6 6. d3 Nd7 7. Na3 Be7 8. Nc2 0-0 9. e3 a5 10. exd4 Bf6 11. Be3 exd4 12. Ncxd4 Nxd4 13. Nxd4 Nb6 14. Ne2 c6 15. Qc2 Bf5 16. Rad1 Re8 17. Qc1 Qe7 18. d4 Be4 19. Rfe1 Bxg2 20. Kxg2 Qe4+ 21. Kg1 a4 22. a3 Re7 23. Nf4 Rae8 24. Ng2 Nd7 25. d5 Ne5 26. Re2 Qg4 27. Rc2 Nf3+ 28. Kh1 Qh3 0-1

[Event "IECC Swiss-521.2"]
[Site "IECC email"]
[Date "2007.08.23"]
[Round "?"]
[White "Lagerlof, Folke"]
[Black "Westbrook, Jonathan"]
[Result "0-1"]
[WhiteElo "1499"]
[BlackElo "1221"]
[PlyCount "80"]
[EventDate "2007.??.??"]
[EventType "swiss (corr)"]
[EventRounds "1"]
[SourceTitle "Corr 2011"]
[Source "ChessBase"]
[SourceDate "2010.08.31"]
[SourceVersion "1"]
[SourceVersionDate "2010.08.31"]
[SourceQuality "1"]
[WhiteTeam "England"]
[BlackTeam "Poland"]
[WhiteTeamCountry "ENG"]
[BlackTeamCountry "POL"]

1. e4 c5 2. Nc3 Nc6 3. f4 e6 4. Nf3 d5 5. Bb5 Nf6 6. e5 Ne4 7. Bxc6+ bxc6 8. Nxe4 dxe4 9. Ng5 Ba6 10. Nxe4 Be7 11. d3 c4 12. d4 Qd5 13. Qf3 0-0 14. c3 Bh4+ 15. Ng3 Qxf3 16. gxf3 Rfd8 17. 0-0 Be7 18. Be3 Bh4 19. Ne4 g6 20. Kg2 Rab8 21. Rfb1 Be7 22. b3 cxb3 23. axb3 Bd3 24. Rb2 Bxe4 25. fxe4 Rb7 26. d5 exd5 27. exd5 Rxd5 28. Rxa7 Rxa7 29. Bxa7 Rd3 30. Rc2 h5 31. b4 Kf8 32. Bb6 h4 33. Ba5 Ke8 34. Bb6 Kd7 35. Kf2 Ke6 36. Be3 Kf5 37. Kf3 g5 38. Ke2 Ke4 39. Bc5 Bxc5 40. bxc5 Re3+ 0-1

[Event "IECC CL6-2007.07 email"]
[Site "IECC email"]
[Date "2007.06.05"]
[Round "?"]
[White "Cook, Phil"]
[Black "Westbrook, Jonathan"]
[Result "1-0"]
[WhiteElo "1315"]
[BlackElo "1185"]
[PlyCount "57"]
[EventDate "2007.??.??"]
[EventType "tourn (corr)"]
[EventRounds "4"]
[SourceTitle "Corr 2011"]
[Source "ChessBase"]
[SourceDate "2010.08.31"]
[SourceVersion "1"]
[SourceVersionDate "2010.08.31"]
[SourceQuality "1"]
[WhiteTeam "Italy"]
[BlackTeam "Chile"]
[WhiteTeamCountry "ITA"]
[BlackTeamCountry "CHI"]

1. e4 d6 2. d4 Nf6 3. Nc3 b6 4. Bf4 Bb7 5. Qf3 Nbd7 6. 0-0-0 e5 7. dxe5 dxe5 8. Bxe5 Bc5 9. Qg3 Qe7 10. Bxf6 Qxf6 11. Qxc7 Bc6 12. Bb5 Bxb5 13. Nxb5 Ne5 14. Nd6+ Bxd6 15. Qxd6 Qxd6 16. Rxd6 0-0 17. Nf3 Nc4 18. Rd4 Na5 19. Rd7 Rfd8 20. Rhd1 Nc6 21. c3 Kf8 22. Ng5 h6 23. Nxf7 Rxd7 24. Rxd7 Ke8 25. Rc7 Rb8 26. Nd6+ Kd8 27. Rxg7 Ne5 28. Nf7+ Nxf7 29. Rxf7 1-0

[Event "IECG TE.2005.P.02002"]
[Site "IECG email"]
[Date "2005.12.19"]
[Round "?"]
[White "Manaschev, Erlan"]
[Black "Westbrook, Jonathan"]
[Result "0-1"]
[WhiteElo "800"]
[BlackElo "641"]
[PlyCount "58"]
[EventDate "2005.12.19"]
[EventType "tourn (corr)"]
[EventRounds "8"]
[SourceTitle "Corr 2008"]
[Source "ChessBase"]
[SourceDate "2008.06.24"]
[SourceVersion "1"]
[SourceVersionDate "2008.06.24"]
[SourceQuality "1"]

1. e4 e5 2. Nf3 Nc6 3. c3 Nf6 4. Bb5 a6 5. Bxc6 bxc6 6. Nxe5 Qe7 7. d4 Bb7 8. 0-0 0-0-0 9. Qb3 Nxe4 10. Nc4 d5 11. Na5 Nd6 12. Be3 g6 13. Nd2 Ba8 14. Nf3 Bg7 15. Ne5 Bxe5 16. dxe5 Nf5 17. Ba7 Qxe5 18. Rae1 Qd6 19. a4 Rhe8 20. Rd1 c5 21. f3 Ne3 22. Qb8+ Kd7 23. Nb7 Rxb8 24. Nxd6 Rxb2 25. Rfe1 cxd6 26. Rd3 d4 27. cxd4 Rxg2+ 28. Kh1 Bxf3 29. Rexe3 Rg3+ 0-1

[Event "IECG TE.2005.P.02002"]
[Site "IECG email"]
[Date "2005.12.19"]
[Round "?"]
[White "Westbrook, Jonathan"]
[Black "James, Michael"]
[Result "0-1"]
[WhiteElo "641"]
[BlackElo "1475"]
[PlyCount "34"]
[EventDate "2005.12.19"]
[EventType "tourn (corr)"]
[EventRounds "8"]
[SourceTitle "Corr 2008"]
[Source "ChessBase"]
[SourceDate "2008.06.24"]
[SourceVersion "1"]
[SourceVersionDate "2008.06.24"]
[SourceQuality "1"]

1. e4 e5 2. Nf3 Nc6 3. c3 Nf6 4. a3 d5 5. exd5 Nxd5 6. Bb5 e4 7. Nd4 Qg5 8. Nxc6 Qxg2 9. Nd4+ c6 10. Bxc6+ bxc6 11. Rf1 Bh3 12. Qe2 Nf4 13. f3 Nxe2 14. Rf2 Qh1+ 15. Kxe2 Qxc1 16. Nb3 Qxb2 17. Ke1 Qxb3 0-1

[Event "IECG QN.2005.0.00380"]
[Site "IECG email"]
[Date "2005.12.16"]
[Round "?"]
[White "Westbrook, Jonathan"]
[Black "Virgili, Alberto"]
[Result "0-1"]
[WhiteElo "641"]
[BlackElo "800"]
[PlyCount "36"]
[EventDate "2005.12.16"]
[EventType "tourn (corr)"]
[EventRounds "6"]
[SourceTitle "Corr 2008"]
[Source "ChessBase"]
[SourceDate "2008.06.24"]
[SourceVersion "1"]
[SourceVersionDate "2008.06.24"]
[SourceQuality "1"]

1. d4 b5 2. e4 a6 3. Nf3 e6 4. a3 Nf6 5. Nc3 Nc6 6. Bg5 h6 7. Bxf6 gxf6 8. Bd3 f5 9. 0-0 Bg7 10. exf5 Nxd4 11. Nxd4 Bxd4 12. fxe6 dxe6 13. Qd2 Bb7 14. Rae1 Qg5 15. Ne4 Qxd2 16. Nxd2 Rg8 17. c3 Bxg2 18. Bh7 Rg7 0-1